Catholic University of Zimbabwe Library
Online Public Access Catalogue
(OPAC)

Their eyes were watching God / (Record no. 155)

MARC details
000 -LEADER
fixed length control field 01740cam a22003851a 4500
001 - CONTROL NUMBER
control field 0000000177
005 - DATE AND TIME OF LATEST TRANSACTION
control field 20170406112433.0
008 - FIXED-LENGTH DATA ELEMENTS--GENERAL INFORMATION
fixed length control field 060127s2006 nyum b a000 1 eng d
019 ## -
-- 70910892
020 ## - INTERNATIONAL STANDARD BOOK NUMBER
International Standard Book Number 0060838671 (pbk.)
020 ## - INTERNATIONAL STANDARD BOOK NUMBER
International Standard Book Number 9780060838676 (pbk.)
020 ## - INTERNATIONAL STANDARD BOOK NUMBER
International Standard Book Number 0061120065 (pbk.)
020 ## - INTERNATIONAL STANDARD BOOK NUMBER
International Standard Book Number 9780061120060 (pbk.)
035 ## - SYSTEM CONTROL NUMBER
System control number (OCoLC)63178181
040 ## - CATALOGING SOURCE
Original cataloging agency CSU
Transcribing agency CSU
Modifying agency BAKER
-- OCLCQ
-- BTCTA
-- YDXCP
-- KYB
-- CO3
-- FDA
-- NLGGC
-- VUE
-- DEBBG
-- TXL
-- NTD
-- F4B
-- UPZ
-- XY4
043 ## - GEOGRAPHIC AREA CODE
Geographic area code n-us-fl
050 14 - LIBRARY OF CONGRESS CALL NUMBER
Classification number PS3515.U789
Item number T5 2006
100 1# - MAIN ENTRY--PERSONAL NAME
Personal name Hurston, Zora Neale.
245 10 - TITLE STATEMENT
Title Their eyes were watching God /
Statement of responsibility, etc. Zora Neale Hurston ; with a foreword by Edwidge Danticat and an afterword by Henry Louis Gates, Jr.
250 ## - EDITION STATEMENT
Edition statement 1st Harper Perennial Modern Classics ed.
260 ## - PUBLICATION, DISTRIBUTION, ETC.
Place of publication, distribution, etc. New York :
Name of publisher, distributor, etc. Harper Perennial Modern Classics,
Date of publication, distribution, etc. 2006.
300 ## - PHYSICAL DESCRIPTION
Extent xviii, 219, 16 p. ;
Dimensions 20 cm.
500 ## - GENERAL NOTE
General note "A novel"--Cover.
500 ## - GENERAL NOTE
General note "A hardcover edition of this book was originally published by J.B. Lippincott, Inc."--T.p. verso.
504 ## - BIBLIOGRAPHY, ETC. NOTE
Bibliography, etc. note Includes bibliographical references (p. [207]-210).
505 0# - FORMATTED CONTENTS NOTE
Formatted contents note Foreword / Edwidge Danticat -- Their eyes were watching God -- Afterword / Henry Louis Gates, Jr. -- Selected bibliography -- Chronology.
520 ## - SUMMARY, ETC.
Summary, etc. A novel about black Americans in Florida that centers on the life of Janie and her three marriages.
650 #0 - SUBJECT ADDED ENTRY--TOPICAL TERM
Topical term or geographic name entry element African American women
General subdivision Psychology
Form subdivision Fiction.
650 #0 - SUBJECT ADDED ENTRY--TOPICAL TERM
Topical term or geographic name entry element Self-realization
Form subdivision Fiction.
651 #0 - SUBJECT ADDED ENTRY--GEOGRAPHIC NAME
Geographic name Florida
Form subdivision Fiction.
655 #0 - INDEX TERM--GENRE/FORM
Genre/form data or focus term Psychological fiction.
908 ## - PUT COMMAND PARAMETER (RLIN)
Put command parameter 130124
913 ## -
-- N
989 #7 -
-- their_eyes_were_watching_god_____________________________________2006219_1__haa_______________________________
Holdings
Withdrawn status Lost status Source of classification or shelving scheme Damaged status Not for loan Home library Current library Shelving location Date acquired Total Checkouts Full call number Barcode Date last seen Copy number Price effective from Koha item type
          CUZ Harare Campus CUZ Harare Campus Open Shelf 06.04.2017   PS 3515.U789.T35 HUR BK0000173 22.05.2025 cu12252 06.04.2017 OS Book

OPENING HOURS

Weekdays: 0815hrs - 1800hrs
Weekends:0900hrs - 1200hrs

Closed for Mass:

Mon, Thur: 1200hrs - 1300hrs
Sunday & Public Holiday’s

CALL SUPPORT

0242-570570, 0242-570169
09200664, +263 8644140602

LOCATION

18443, Cranborne Avenue, Hatfield, Harare

Other Links


©2021 | CUZ Library